| 000 | 00663nam a2200229 a 4500 | ||
|---|---|---|---|
| 005 | 20210219153445.0 | ||
| 008 | 991125n 000 0 u | ||
| 035 | _aUPN01000100998 | ||
| 100 | _aOdien, Jeanina Mecca | ||
| 222 | _aLIBRARY TRENDS | ||
| 245 | _aStandards for library media centers in schools for the deaf : an update perspective | ||
| 300 | _a85-99 | ||
| 362 | _a41, No. 1, 1992 | ||
| 505 | _aJulio 1993 | ||
| 653 | 0 | _aBIBLIOTECAS ESCOLARES | |
| 653 | 0 | _aCENTROS DE RECURSOS PARA EL APRENDIZAJE | |
| 653 | 0 | _aESCUELAS ESPECIALES | |
| 653 | 0 | _aPATRONES DE BIBLIOTECAS | |
| 653 | 0 | _aSORDERA | |
| 904 |
_aAC _b038809 |
||
| 905 | _aArticulo | ||
| 999 |
_c77361 _d77361 |
||